| 000 | 00806cab a2200217 4500 | ||
|---|---|---|---|
| 001 | ABS37886 | ||
| 008 | 090401t1987 xxu||||| |||| 00| 0 eng d | ||
| 035 | _a(Sirsi) u7404 | ||
| 041 | _aeng | ||
| 100 | _aBaird, A. | ||
| 245 | 4 | _aThe taxation of alternative land uses | |
| 260 | _c1987 | ||
| 350 | _a0 | ||
| 490 |
_aTolley`s Practical Tax _v8(12) 17 June 1987, 93-95(3) |
||
| 520 | _aMany farmers and landowners are seeking new sources of income as the structure of Britain`s agriculture changes. This article gives a summary of the tax implications of some alternative land uses such as alternative crops and livestock, forestry , sporting enterprises , tourism and share farming . | ||
| 650 | _aDIVERSIFICATION | ||
| 650 | _aFARMING | ||
| 690 | _aTAXATION | ||
| 942 | _n0 | ||
| 948 | _c04/03/1997 | ||
| 999 |
_c4472 _d4472 |
||